| 000 | 00415pab a2200157 454500 | ||
|---|---|---|---|
| 008 | 180718b2001 xxu||||| |||| 00| 0 eng d | ||
| 100 | _aGupta, Nikhil Jaiprakash | ||
| 245 | _aPolice-community collaboration for solving women's problem-Sindhudurg model | ||
| 260 | _c2001 | ||
| 300 | _ap.34-39. | ||
| 362 | _aOct-Dec | ||
| 650 | _aWomen | ||
| 650 | _aPolice | ||
| 773 | _aIndian Police Journal | ||
| 909 | _a54151 | ||
| 999 |
_c54151 _d54151 |
||